000
00273nam a2200121Ia 4500
008
190216s9999||||xx |||||||||||||| ||und||
100
_a
Ramachandran Nair K
245
0
_a
Kaviyarangu
260
_b
Current Books
_c
1967
300
_a
44p
650
_a
Kavithkal
942
_c
BK
999
_c
25632
_d
25632